| 000 | 00866cam a2200265 4500 | ||
|---|---|---|---|
| 999 |
_c34444 _d34444 |
||
| 001 | 4072008 | ||
| 003 | ARRUPE | ||
| 005 | 20170713104649.0 | ||
| 008 | 691201r1969 ilu b 001 0 eng | ||
| 010 | _a 70090433 | ||
| 040 |
_aDLC _cDLC _dDLC |
||
| 050 | 0 | 0 |
_aB791 _b.C59 1969 |
| 082 | 0 | 0 | _a190 |
| 100 | 1 |
_aCollins, James Daniel. _932725 |
|
| 240 | 1 | 0 | _aThree paths in philosophy |
| 245 | 1 | 0 |
_aCrossroads in philosophy: existentialism, naturalism, theistic realism _c[by] James Collins. |
| 260 |
_aChicago, _bH. Regnery Co. _c[1969, c1962] |
||
| 300 |
_axiii, 442 p. _c21 cm. |
||
| 350 | _a3.65 | ||
| 500 | _a"Gateway edition." | ||
| 500 | _a1962 ed. has title: Three paths in philosophy. | ||
| 504 | _aBibliography: p. 425-437. | ||
| 650 | 0 |
_aPhilosophy, Modern. _933017 |
|
| 906 |
_a7 _bcbc _corignew _du _encip _f19 _gy-gencatlg |
||
| 942 |
_2lcc _cMONOGRAPH |
||